| 000 | 00691nam a2200229 i 4500 | ||
|---|---|---|---|
| 001 | 23676 | ||
| 003 | ES-MaACL | ||
| 005 | 20250911062636.0 | ||
| 007 | t| | ||
| 008 | 021211s1959 sp |||| | spa d | ||
| 080 | _a821.112.2-31"19" | ||
| 100 | 1 |
_aAndersch, Alfred. _921431 |
|
| 245 | 1 | 0 |
_aZanzibar _bo la última razón / _cAlfred Andersch ; [traducción del alemán por E. Donato Prunera]. |
| 246 | 3 | 0 | _aÚltima razón, la |
| 260 |
_aBarcelona : _bDestino, _c[1959] |
||
| 300 |
_a175 p. ; _c19 cm. |
||
| 490 | 1 |
_aAncora y delfin ; _v161 |
|
| 700 | 1 |
_aDonato Prunera, E. _945296 |
|
| 830 | 0 | 0 |
_aÁncora y Delfín _v161 _9151298 |
| 852 |
_aES-MaACL _jC-17031 |
||
| 999 |
_c23676 _d23676 |
||